00441nam a2200169 a 45000010005000000030009000050080041000140400028000550820022000831000033001052450034001382600035001723000015002076500018002226500010002406500021002509167CO-ViMGA141112s2004 ck r 000 u spa d aCO-ViMGAbspacCO-ViMGA04aMEVIGAPOR.68 C3121 aGallardo, Carracedo; Justo, 10aRedes Locales en la industria aBarcelona : bmarcambo, c1998 a120p. : il14aNORMALIZACION14aREDES14aSELECCION DE RED